عرض عادي
عرض مارك
- Gordon, William,
مدخل إسم شخص
001 - رقم الضبط
- حقل الضبط: 39061
003 - معرف رقم الضبط
- حقل الضبط: OSt
005 - تاريخ ووقت أخر عملية
- حقل الضبط: 20131102165933.0
008 - عناصر بيانات ثابتة الطول
- حقل تحكم ثابت الطول: 131102|||a|||||| | ||| d
040 ## - مصدر الفهرسة
- هيئة الفهرسة الأصلية: OSt
- وكالة الكتابة: OSt
100 ## - مدخل -- أسم شخص
- إسم شخص: Gordon, William,
- العنوان و الكلمات الأخري المرتبطة بالأسم: II.
670 ## - بيانات المصدر موجوده
- الاستشهاد بالمصدر: Work cat.: (OSt)0: Oliva, Peter F. 39058, Developing the curriculum /, c2013.
